|
|
|
|
| LEADER |
00000cam a2200000 7i4500 |
| 001 |
0000071055 |
| 005 |
20170302.0 |
| 008 |
170302 |
| 020 |
|
|
|a 9789838981620
|
| 020 |
|
|
|a 9838981621
|
| 090 |
0 |
0 |
|a NH
|b MAL
|
| 100 |
1 |
|
|a Zambri Zakaria
|
| 245 |
1 |
0 |
|a Perang koloni semut
|c Zambri Zakaria
|
| 260 |
|
|
|a Melaka :
|b Pustaka Ilham ,
|c 2005
|
| 300 |
|
|
|a [s.n.] :
|b Col.ill
|
| 490 |
1 |
|
|a Siri haiwan bestari
|
| 650 |
|
0 |
|a Malay fiction
|
| 999 |
|
|
|a 0000008056
|b Book
|c Children Collection
|e Cawangan Taman Universiti
|
| 999 |
|
|
|a 0000008058
|b Book
|c Children Collection
|e Cawangan Taman Universiti
|
| 999 |
|
|
|a 0000920211
|b Book
|c Children Collection
|e Cawangan Bukit Gambir
|
| 999 |
|
|
|a 0000920213
|b Book
|c Children Collection
|e Cawangan Bukit Gambir
|